000 00306 a2200109 4500
001 ART_12041
005 20260410161902.0
008 260409a
245 1 0 _aTesting income series
100 1 _aHaddad, C. L.
773 0 _tJournal of econometrics
_g- Vol. 4, NÂș 1 (feb. 1976)
_wREV11720
999 _c26051
_d26051